Izvestii͡a. (Record no. 1519)

MARC details
000 -LEADER
fixed length control field 02929cas a2200649 4500
001 - CONTROL NUMBER
control field data
005 - DATE AND TIME OF LATEST TRANSACTION
control field 20260322212104.0
008 - FIXED-LENGTH DATA ELEMENTS--GENERAL INFORMATION
fixed length control field data
010 ## - LIBRARY OF CONGRESS CONTROL NUMBER
LC control number 56045949
016 7# - NATIONAL BIBLIOGRAPHIC AGENCY CONTROL NUMBER
Record control number I42720000
Source DNLM
019 ## -
-- 7371728
022 0# - INTERNATIONAL STANDARD SERIAL NUMBER
International Standard Serial Number 0068-3817
Source z
023 0# - CLUSTER ISSN
Cluster ISSN 0068-3817
Source z
029 1# - OTHER SYSTEM CONTROL NUMBER (OCLC)
OCLC library identifier AU@
System control number 000020389315
035 ## - SYSTEM CONTROL NUMBER
System control number (OCoLC)1537680
040 ## - CATALOGING SOURCE
Original cataloging agency MUL
Language of cataloging eng
Transcribing agency MUL
Modifying agency OCLCQ
-- NSD
-- OCL
-- RCS
-- DLC
-- OCL
-- OCLCQ
-- CLU
-- OCLCQ
-- OCLCF
-- OCLCO
-- OCLCQ
-- OCLCL
-- OCLCQ
041 0# - LANGUAGE CODE
Language code of text/sound track or separate title eng
-- fre
-- eng
Language code of summary or abstract rus
-- rus
042 ## - AUTHENTICATION CODE
Authentication code nsdp
050 00 - LIBRARY OF CONGRESS CALL NUMBER
Classification number QH351
Item number .B832
060 0# - NATIONAL LIBRARY OF MEDICINE CALL NUMBER
Classification number W1 IZ676G
110 2# - MAIN ENTRY--CORPORATE NAME
Corporate name or jurisdiction name as entry element Institut po morfologii͡a (Bŭlgarska akademii͡a na naukite)
Real World Object URI https://id.oclc.org/worldcat/entity/E39QQPVp7TtT4TFT9WdydhQbM6
210 0# - ABBREVIATED TITLE
Abbreviated title Izv. Inst. morfol.
222 #0 - KEY TITLE
Key title Izvestiya na Instituta po morfologiya
245 10 - TITLE STATEMENT
Title Izvestii͡a.
Remainder of title Bulletin de l'Institut de Morphologie.
246 11 - VARYING FORM OF TITLE
Title proper/short title Bulletin de l'Institut de Morphologie
260 ## - PUBLICATION, DISTRIBUTION, ETC.
Place of publication, distribution, etc. Sofia,
Name of publisher, distributor, etc. Bŭlgarska akademii͡a na naukite.
300 ## - PHYSICAL DESCRIPTION
Other physical details illustrations
Dimensions 26 cm
310 ## - CURRENT PUBLICATION FREQUENCY
Current publication frequency Irregular
336 ## - CONTENT TYPE
Content type term text
Content type code txt
Source rdacontent
337 ## - MEDIA TYPE
Media type term unmediated
Media type code n
Source rdamedia
362 0# - DATES OF PUBLICATION AND/OR SEQUENTIAL DESIGNATION
Dates of publication and/or sequential designation kn. 1-15; 1953-74.
546 ## - LANGUAGE NOTE
Language note Articles in Bulgarian or French; summaries in Russian and English, French, or German.
590 ## - LOCAL NOTE (RLIN)
Local note SERBIB/SERLOC merged record
650 #0 - SUBJECT ADDED ENTRY--TOPICAL TERM
Topical term or geographic name entry element Anatomy.
650 #7 - SUBJECT ADDED ENTRY--TOPICAL TERM
Topical term or geographic name entry element Anatomy.
Source of heading or term fast
Authority record control number or standard number (OCoLC)fst00808440
776 08 - ADDITIONAL PHYSICAL FORM ENTRY
Relationship information Online version:
Main entry heading Institut po morfologii͡a (Bŭlgarska akademii͡a na naukite)
Title Izvestii͡a
Record control number (OCoLC)1029840540
785 00 - SUCCEEDING ENTRY
Title Acta morphologica
International Standard Serial Number 0204-9139
Record control number (OCoLC)4023587
-- (OCoLC)4023587
Related parts 1977
890 ## -
-- Bŭlgarska akademiia na naukite, Sofia. Institut po morfologii͡a. Izvestii͡a. Bulletin. 1953- .
-- sv87-31306
906 ## - LOCAL DATA ELEMENT F, LDF (RLIN)
a 7
b cbc
c serials
d 3
e ncip
f 19
g n-oclcserc
920 ## -
-- Keep 1
991 ## -
-- c-GenColl
-- QH351
-- .B832
-- SERIALS
991 ## -
-- c-GenColl
-- QH351
-- .B832
-- 00053120684
-- Copy 1
-- 11 * 1965
-- CCF
991 ## -
-- c-GenColl
-- QH351
-- .B832
-- 00053120647
-- Copy 1
-- 12 * 1966
-- CCF
991 ## -
-- c-GenColl
-- QH351
-- .B832
-- 0005312060A
-- Copy 1
-- 13 * 1968
-- CCF
991 ## -
-- c-GenColl
-- QH351
-- .B832
-- 00053120957
-- Copy 1
-- 14 * 1970
-- CCF
991 ## -
-- c-GenColl
-- QH351
-- .B832
-- 0005312091A
-- Copy 1
-- 15 * 1974
-- CCF
991 ## -
-- c-GenColl
-- QH351
-- .B832
-- 00053120751
-- Copy 1
-- 2 * 1957
-- CCF
991 ## -
-- c-GenColl
-- QH351
-- .B832
-- 00053120799
-- Copy 1
-- 3 * 1959
-- CCF
991 ## -
-- c-GenColl
-- QH351
-- .B832
-- 00053120593
-- Copy 1
-- 4 * 1961
-- CCF
991 ## -
-- c-GenColl
-- QH351
-- .B832
-- 00053120489
-- Copy 1
-- 5 * 1962
-- CCF
991 ## -
-- c-GenColl
-- QH351
-- .B832
-- 00053120441
-- Copy 1
-- 6 * 1962
-- CCF
991 ## -
-- c-GenColl
-- QH351
-- .B832
-- 00053120404
-- Copy 1
-- 7 * 1963
-- CCF
991 ## -
-- c-GenColl
-- QH351
-- .B832
-- 00053120568
-- Copy 1
-- 8 * 1963
-- CCF
991 ## -
-- c-GenColl
-- QH351
-- .B832
-- 00053120520
-- Copy 1
-- 9/10 * 1964
-- CCF
991 ## -
-- c-GenColl
-- QH351
-- .B832
-- 00053120714
-- Copy 1
-- 1
-- CCF
992 ## -
-- B/L
-- SERLOC
Holdings
Withdrawn status Lost status Damaged status Not for loan Home library Current library Shelving location Date acquired Total checkouts Full call number Barcode Date last seen Price effective from Koha item type
        Riverside Riverside General stacks 22/03/2026   QH351 LOC-RPL-00066 22/03/2026 22/03/2026 Books